00718nam a2200241 a 4500001001300000003000900013005001700022008004100039020002300080082001600103100002400119245003500143260003200178300000900210500003500219505002500254650002400279700002400303902000800327942000700335952011700342999001700459nice12345678IN_TiNIC20260116014855.0110909s2011 lona grp 000 0 eng  a9781850438571c49500a958.1bRAS1 aRasanayagam, Angelo aAfghanistanb A Modern History aLondon bTauris Pub. c2011 a311p aincludes index and biblioraphy2 anotes, biblio, index aAfghanistan-History1 aRasanayagam, Angelo bSRS cBK 001040708StackRoom-aHMIbHMId2011-09-09g495.00l0o958.1 RAS1p023663r2011-09-09v495.00w2011-09-09yBK c17360d17360